Fr. Conceicao Rodrigues College of Engineering

Moving to the cloud (Record no. 32068)

MARC details
000 -LEADER
fixed length control field 00345nam a2200169Ia 4500
082 ## - DEWEY DECIMAL CLASSIFICATION NUMBER
Classification number 4.65
Item number SIT
100 ## - MAIN ENTRY--PERSONAL NAME
Personal name Sitaram/Dinkar
245 ## - TITLE STATEMENT
Title Moving to the cloud
260 ## - PUBLICATION, DISTRIBUTION, ETC.
Name of publisher, distributor, etc. Elsevier
Date of publication, distribution, etc. 2012
366 ## - TRADE AVAILABILITY INFORMATION
Publishers's discount category 25
300 ## - PHYSICAL DESCRIPTION
Extent 448
546 ## - LANGUAGE NOTE
Language note ENGLISH
-- Computers
650 ## - SUBJECT ADDED ENTRY--TOPICAL TERM
Topical term or geographic name entry element Cloud computing
654 ## - SUBJECT ADDED ENTRY--FACETED TOPICAL TERMS
Focus term cloud
942 ## - ADDED ENTRY ELEMENTS (KOHA)
Koha item type BOOK
Holdings
Withdrawn status Lost status Damaged status Not for loan Collection Home library Current library Date acquired Source of acquisition Cost, normal purchase price Inventory number Total Checkouts Full call number Barcode Date last seen Cost, replacement price Price effective from Koha item type
        CRC Fr. Agnel's C.Rodrigues College of Engineering Fr. Agnel's C.Rodrigues College of Engineering 17/03/2023 Allied Publishers 318.75 1643 dt 18.03.2016   4.65 SIT 24122 17/03/2023 425.00   BOOK